| 000 | 00729nam a22001937a 4500 | ||
|---|---|---|---|
| 008 | 121025t sp||||| |||| 00| 0 esp d | ||
| 020 | _a978849624635 | ||
| 050 | 0 | 4 |
_aML156 .4 .O46 _bA55 2008 |
| 100 | 1 | _aAlier, Roger | |
| 245 | 1 | 1 |
_a¿Qué es esto de la ópera? : _bIntroducción al mundo de la lírica / _cRoger Alier |
| 250 | _a1a ed. | ||
| 260 |
_a´Barcelona, España : _bMa non tropo, _c2008 |
||
| 300 |
_a287 p. : _bil. ; _c24 cm. |
||
| 440 | 0 | _aMúsica | |
| 500 | _adato tomado de la pasta : Una genial guía de la divulgación sobre la ópera y sus compasitores, sus obras, los cantantes, los teatros... | ||
| 504 | _aInlcuye bibliografias e índice | ||
| 650 | 7 |
_2LEMB _aOpera _xCritica y estudio |
|
| 942 |
_2ddc _cLIB |
||
| 999 |
_c34213 _d34213 |
||